Welches Bild passt nicht in die Reihe? - Statistiken

Allgemein
  • Dieses Quiz wurde 343 mal gespielt
  • Das Durchschnittsergebnis liegt bei 35 aus 40
Antwortstatistiken
Frage Kachel Select % Korrekt
(Auto) Nein
99%
(Süßigkeit) Ja
99%
(Süßigkeit) Nein
99%
(Süßigkeit) Nein
99%
(Süßigkeit) Nein
99%
(Auto) Nein
98%
(Restaurant-Kette) Nein
98%
(Fernsehsender) Nein
97%
(Fernsehsender) Nein
97%
(Stadt) Nein
97%
(Restaurant-Kette) Nein
97%
(Auto-Marke) Nein
97%
(Land) Nein
96%
(Restaurant-Kette) Nein
96%
(Restaurant-Kette) Ja
96%
(Essen) Nein
96%
(Fußball Pokal) Nein
95%
(Betriebssystem) Nein
93%
(Land) Nein
92%
(Fernsehsender) Nein
92%
(Fußball Pokal) Nein
91%
(Betriebssystem) Nein
91%
(Essen) Nein
91%
(Auto-Marke) Nein
91%
(Fernsehsender) Ja
89%
(Essen) Nein
88%
(Stadt) Nein
87%
(Fußball Pokal) Nein
82%
(Essen) Ja
81%
(Stadt) Nein
80%
(Betriebssystem) Nein
77%
(Land) Nein
74%
(Auto-Marke) Nein
72%
(Fußball Pokal) Ja
71%
(Stadt) Ja
69%
(Land) Ja
67%
(Betriebssystem) Ja
67%
(Auto-Marke) Ja
66%
(Auto) Nein
53%
(Auto) Ja
52%
Keine übereinstimmenden Quizze gefunden
Verteilung der Resultate
Anzahl Personen mit jedem Resultat
Perzentil nach korrekt beantworteten Fragen
Ihre Resultats-Entwicklung
Sie haben dieses Quiz noch nicht gespielt